| 000 | 00580nam a2200157 a 4500 | ||
|---|---|---|---|
| 001 | 000039345 | ||
| 005 | 20201002031615.0 | ||
| 008 | 130624s2002 dr 000 0 spa d | ||
| 020 | _a9993433322 | ||
| 040 |
_aDO-SdBNP _bspa _cBNPHU |
||
| 100 | 1 |
_aActis, José Luis _934676 |
|
| 245 | 1 | 3 |
_aLa reforma del sistema de pensiones en República Dominicana : _bantecedentes, análisis y perspectivas / _cJosé Luis Actis. |
| 260 |
_aSanto Domingo : _bPontificia Universidad Católica Madre y Maestra, _c2002. |
||
| 300 |
_a187 p. ; _c22 cm. |
||
| 500 | _aIncluye notas al pie de las páginas | ||
| 999 |
_c38835 _d38835 |
||